Forest fire (Бичлэгийн дугаар. 145107)
| 000 -УДИРДЛАГА | |
|---|---|
| Удирдлага | 00709nam a22002777a 4500 |
| 003 - ХЯНАЛТЫН ТОО ТОДОРХОЙЛОГЧ | |
| Код | MN-UlNUM |
| 005 - БИЧИЛТ ХИЙСЭН ОГНОО | |
| Тухайн бичилтийг бичсэн засварласан сүүлийн огноо | 20251029151447.0 |
| 008 - ЕРӨНХИЙ МЭДЭЭЛЭЛ | |
| Ерөнхий мэдээлэл | 251029s2004 ilua u000 | eng d |
| 020 ## - ISBN | |
| ISBN | 0757842496 |
| -- | 0757842498 |
| 040 ## - БИЧЛЭГ ҮҮСГЭГЧ БАЙГУУЛЛАГА | |
| Бичлэг үүсгэгч номын сангийн код | МУИС-ийн номын сан |
| 084 ## - ББК АНГИЛАЛ | |
| Нэмэлт тусгалт | Нэг сэдэвт бүтээл |
| ББК ангилал | 43.4 |
| Зохиогчийн гурван тэмдэгт | D 40 |
| Мэдлэгийн ялгаа | 4 - Хөдөө аж ахуй ба ойн аж ахуй |
| 100 ## - ЗОХИОГЧ | |
| Зохиогчийн нэр | Dennis, Fertig |
| 245 ## - ҮНДСЭН ГАРЧИГ | |
| Номын нэр | Forest fire |
| 260 ## - ГАРАЛТЫН МЭДЭЭ | |
| Хэвлэгдсэн газар | Barrington, Illinois |
| Хэвлэлийн газар | Rigby |
| Хэвлэгдсэн он | 2004 |
| 300 ## - МАТЕРИАЛЫН ТОДОРХОЙЛОЛТ | |
| хуудасны тоо | 16 |
| 500 ## - Тайлбар | |
| Дансны дугаар | БС 3276-3299 |
| 505 ## - Агуулгын тэмдэглэгээ | |
| Агуулгын тэмдэглэгээ | A forest ranger talks to children about the causes and results of forest fires |
| 546 ## - ХЭЛНИЙ ТУХАЙ МЭДЭЭ | |
| Хэл | Англи хэл дээр, |
| 653 ## - Түлхүүр үг | |
| Түлхүүр үг | fireline |
| 653 ## - Түлхүүр үг | |
| Түлхүүр үг | park ranger |
| 653 ## - Түлхүүр үг | |
| Түлхүүр үг | lightning |
| 653 ## - Түлхүүр үг | |
| Түлхүүр үг | fuel |
| 653 ## - Түлхүүр үг | |
| Түлхүүр үг | scientists |
| 942 ## - ЭЛЕМЕНТИЙН ТӨРӨЛ | |
| Зүйлийн төрөл | Ном |
